Stationen der S45 (Wien) - Statistiken

Allgemein
  • Dieses Quiz wurde 77 mal gespielt
    62 seit der letzten Aktualisierung
  • Das Durchschnittsergebnis liegt bei 9 aus 10
Antwortstatistiken
Haltestelle % Korrekt
Wien Hütteldorf
100%
Wien Handelskai
94%
Wien Heiligenstadt
94%
Wien Ottakring
94%
Wien Hernals
92%
Wien Penzing
92%
Wien Breitensee
78%
Wien Oberdöbling
75%
Wien Gersthof
69%
Wien Krottenbachstraße
65%
Keine übereinstimmenden Quizze gefunden
Verteilung der Resultate
Anzahl Personen mit jedem Resultat
Perzentil nach korrekt beantworteten Fragen
Ihre Resultats-Entwicklung
Sie haben dieses Quiz seit der letzten Aktualisierung nicht gespielt